Zur “bedingt-prospektiven” Vorhersage von Mammakarzinom und koronaren Herzerkrankungen
Saved in:
| Main Authors: | , , |
|---|---|
| Format: | Article (Journal) |
| Language: | German |
| Published: |
2002
|
| In: |
Zeitschrift für differentielle und diagnostische Psychologie
Year: 2002, Volume: 23, Issue: 1, Pages: 29-44 |
| ISSN: | 2235-1485 |
| DOI: | 10.1024//0170-1789.23.1.29 |
| Online Access: | Verlag, kostenfrei, Volltext: http://dx.doi.org/10.1024//0170-1789.23.1.29 |
| Author Notes: | M. Amelang, K. Reichert, D. Weimer |
MARC
| LEADER | 00000caa a22000002c 4500 | ||
|---|---|---|---|
| 001 | 1513633821 | ||
| 003 | DE-627 | ||
| 005 | 20240705205959.0 | ||
| 007 | cr uuu---uuuuu | ||
| 008 | 150819s2002 xx |||||o 00| ||ger c | ||
| 024 | 7 | |a 10.1024//0170-1789.23.1.29 |2 doi | |
| 035 | |a (DE-627)1513633821 | ||
| 035 | |a (DE-576)443633827 | ||
| 035 | |a (DE-599)BSZ443633827 | ||
| 035 | |a (OCoLC)1340707961 | ||
| 040 | |a DE-627 |b ger |c DE-627 |e rakwb | ||
| 041 | |a ger | ||
| 084 | |a 11 |2 sdnb | ||
| 100 | 1 | |a Amelang, Manfred |d 1939- |0 (DE-588)123823552 |0 (DE-627)085462764 |0 (DE-576)160068770 |4 aut | |
| 245 | 1 | 0 | |a Zur “bedingt-prospektiven” Vorhersage von Mammakarzinom und koronaren Herzerkrankungen |c M. Amelang, K. Reichert, D. Weimer |
| 264 | 1 | |c 2002 | |
| 300 | |a 16 | ||
| 336 | |a Text |b txt |2 rdacontent | ||
| 337 | |a Computermedien |b c |2 rdamedia | ||
| 338 | |a Online-Ressource |b cr |2 rdacarrier | ||
| 500 | |a Gesehen am 19.08.2015 | ||
| 700 | 1 | |a Reichert, K. |4 aut | |
| 700 | 1 | |a Weimer, Daniel |0 (DE-588)1075552907 |0 (DE-627)83347166X |0 (DE-576)443635749 |4 aut | |
| 773 | 0 | 8 | |i In |t Zeitschrift für differentielle und diagnostische Psychologie |d Bern : Huber, 1996 |g 23(2002), 1, Seite 29-44 |h Online-Ressource |w (DE-627)345856511 |w (DE-600)2076178-8 |w (DE-576)110935314 |x 2235-1485 |7 nnas |a Zur “bedingt-prospektiven” Vorhersage von Mammakarzinom und koronaren Herzerkrankungen |
| 773 | 1 | 8 | |g volume:23 |g year:2002 |g number:1 |g pages:29-44 |g extent:16 |a Zur “bedingt-prospektiven” Vorhersage von Mammakarzinom und koronaren Herzerkrankungen |
| 776 | 0 | 8 | |i Erscheint auch als |n Druck-Ausgabe |a Amelang, Manfred, 1939 - |t Zur “bedingt-prospektiven” Vorhersage von Mammakarzinom und koronaren Herzerkrankungen |d 2002 |w (DE-627)1518905374 |w (DE-576)44890537X |
| 856 | 4 | 0 | |u http://dx.doi.org/10.1024//0170-1789.23.1.29 |x Verlag |x Resolving-System |z kostenfrei |3 Volltext |
| 951 | |a AR | ||
| 992 | |a 20150819 | ||
| 993 | |a Article | ||
| 994 | |a 2002 | ||
| 998 | |g 123823552 |a Amelang, Manfred |m 123823552:Amelang, Manfred |d 100000 |d 100200 |e 100000PA123823552 |e 100200PA123823552 |k 0/100000/ |k 1/100000/100200/ |p 1 |x j | ||
| 999 | |a KXP-PPN1513633821 |e 2860539387 | ||
| BIB | |a Y | ||
| SER | |a journal | ||
| JSO | |a {"physDesc":[{"extent":"16 S."}],"note":["Gesehen am 19.08.2015"],"type":{"media":"Online-Ressource","bibl":"article-journal"},"language":["ger"],"relHost":[{"title":[{"title_sort":"Zeitschrift für differentielle und diagnostische Psychologie","title":"Zeitschrift für differentielle und diagnostische Psychologie"}],"id":{"eki":["345856511"],"zdb":["2076178-8"],"issn":["2235-1485"]},"origin":[{"dateIssuedKey":"1996","publisher":"Huber","dateIssuedDisp":"1996-2004","publisherPlace":"Bern"}],"part":{"volume":"23","extent":"16","text":"23(2002), 1, Seite 29-44","pages":"29-44","issue":"1","year":"2002"},"pubHistory":["Nachgewiesen 17.1996 - 25.2004"],"note":["Gesehen am 06.05.15"],"physDesc":[{"extent":"Online-Ressource"}],"type":{"media":"Online-Ressource","bibl":"periodical"},"language":["ger"],"disp":"Zur “bedingt-prospektiven” Vorhersage von Mammakarzinom und koronaren HerzerkrankungenZeitschrift für differentielle und diagnostische Psychologie","recId":"345856511"}],"recId":"1513633821","name":{"displayForm":["M. Amelang, K. Reichert, D. Weimer"]},"title":[{"title_sort":"Zur “bedingt-prospektiven” Vorhersage von Mammakarzinom und koronaren Herzerkrankungen","title":"Zur “bedingt-prospektiven” Vorhersage von Mammakarzinom und koronaren Herzerkrankungen"}],"id":{"doi":["10.1024//0170-1789.23.1.29"],"eki":["1513633821"]},"person":[{"given":"Manfred","family":"Amelang","display":"Amelang, Manfred","role":"aut"},{"role":"aut","display":"Reichert, K.","family":"Reichert","given":"K."},{"role":"aut","given":"Daniel","display":"Weimer, Daniel","family":"Weimer"}],"origin":[{"dateIssuedDisp":"2002","dateIssuedKey":"2002"}]} | ||
| SRT | |a AMELANGMANZURBEDINGT2002 | ||